LeBron's Highest-Scoring Teammates - Statistics

General Stats
  • This quiz has been taken 165 times
    11 since last reset
  • The average score is 13 of 21
Answer Stats
Team(s) Year(s) Position Points Answer % Correct
LAL 2019-2025 PF, C 19,385 Anthony Davis
100%
MIA 2010-2014 PF, C 17,189 Chris Bosh
100%
MIA, CLE 2010-2014, 2017-2018 SG 23,165 Dwyane Wade
100%
CLE 2014-2017 PG 18,433 Kyrie Irving
100%
LAL 2025-2026 PG, SG 15,021 Luka Dončić
91%
CLE 2009-2010 C 28,596 Shaquille O'Neal
91%
LAL 2021-2022 PF 28,289 Carmelo Anthony
82%
CLE 2014-2018 PF, C 15,669 Kevin Love
82%
LAL 2019-2020, 2021-2022 C 19,485 Dwight Howard
73%
LAL 2021-2023 PG 27,176 Russell Westbrook
73%
MIA 2010-2013 PF 16,159 Juwan Howard
64%
MIA 2012-2014 SG 24,505 Ray Allen
55%
CLE 2017 PG 13,804 Deron Williams
36%
CLE 2010 PF 20,042 Antawn Jamison
27%
CLE 2003-2004 PF 13,976 Carlos Boozer
27%
CLE 2017-2018 PF 14,480 Jeff Green
27%
MIA 2010 SG 16,409 Jerry Stackhouse
27%
MIA 2011 PG 14,698 Mike Bibby
27%
CLE 2015-2017 SF 14,904 Richard Jefferson
27%
CLE 2014-2015 SF 17,700 Shawn Marion
27%
MIA 2012-2014 SF, PF 15,579 Rashard Lewis
18%
No matching quizzes found
Score Distribution
Percent of People with Each Score
Percentile by Number Answered
Your Score History
You have not taken this quiz since the last reset